La radiación solar en Bahía Blanca /

Guardado en:
Otros Autores: Fernández, María Eugenia. (Disertante), Campo, Alicia María. (Orientador), Gentili, Jorge Osvaldo. (Orientador)
Formato: Manuscrito
Idioma:Spanish
Publicado: 2020.
Materias:
Acceso en línea:Texto completo
Etiquetas: Agregar Etiqueta
Sin Etiquetas, Sea el primero en etiquetar este registro!
LEADER 01429ntm a22003495a 4500
001 EUN.eunm008353
008 210219s2020####ag#######bm###000#0#spa#d
005 20220208084030.0
245 1 3 |a La radiación solar en Bahía Blanca /  |c María Eugenia Fernández. 
260 |c 2020. 
300 |a xi, 149 h. :  |b il. col. ;  |c 30 cm. 
500 |a Directora de tesis: Alicia María Campo ; codirección: Jorge Osvaldo Gentili. 
500 |a "Tesis de Doctorado en Geografía". 
502 |a Tesis (doctoral)--Universidad Nacional del Sur. Departamento de Geografía y Turismo, 2020. 
530 |a Disponible también en formato digital. 
504 |a Incluye referencias bibliográficas. 
100 1 |a Fernández, María Eugenia.  |4 dis 
700 1 |a Campo, Alicia María.  |4 ths 
700 1 |a Gentili, Jorge Osvaldo.  |4 ths 
710 2 |a Universidad Nacional del Sur.  |b Departamento de Geografía y Turismo  |4 dgg. 
082 0 4 |a 040  |2 15 
082 0 4 |a 523  |2 15 
650 7 |a Geografía.  |2 unbist 
650 7 |a Radiación solar.  |2 unbist 
650 7 |a Recurso.  |2 unbist 
653 |a Peligro 
650 7 |a Derecho.  |2 unbist 
653 |a Ordenamiento territorial 
651 0 |a Bahía Blanca (Argentina) 
856 4 1 |3 Texto completo  |u http://repositoriodigital.uns.edu.ar/handle/123456789/5454 
859 |a AR-BaUNS  |b BIB. CENTRAL - Tesis  |h 040  |i B148 2020-1751f  |k R  |p 127729/021 
859 |a AR-BaUNS  |b Dto. Geografia  |h 040  |i B148 2020-1751f  |p 127730/021